Estudio de pre factibilidad de proyectos “Residencial de viviendas en el municipio de San Juan del Sur-Rivas

El presente estudio de Pre factibilidad de Proyecto “residencial de viviendas en el municipio de San Juan del Sur-Rivas” tiene como finalidad determinar la viabilidad de un proyecto de habitacional en el municipio de san Juan del Sur.

Bibliographic Details
Main Authors: Navarrete López Martha José, Guido Díaz, Marcelo Silvi
Other Authors: Tutor: Martínez Montoya, Arnulfo José
Format: Tesis Section = Libro
Language:Undetermined
Spanish
Published: Managua, Nicaragua UNI 2016
Subjects:
LEADER 01143nam a2200265Ia 4500
008 240830s9999 xx 000 0 und d
040 |a BIBLIOTECA-RUSB/ M.Mon 363.5 N321 
041 |a spa 
082 |a M.Mon 363.5 N321 
100 1 |a Navarrete López Martha José 
100 1 |b Guido Díaz, Marcelo Silvi 
245 1 0 |a Estudio de pre factibilidad de proyectos “Residencial de viviendas en el municipio de San Juan del Sur-Rivas 
260 |a Managua, Nicaragua  |b UNI  |c 2016 
300 |a 148 p. :il. 
500 |a Contiene: anexos 
502 |a Tesis (Master en Gerencia de Proyectos de Desarrollo.) - UNI, 2016. 
520 3 |a El presente estudio de Pre factibilidad de Proyecto “residencial de viviendas en el municipio de San Juan del Sur-Rivas” tiene como finalidad determinar la viabilidad de un proyecto de habitacional en el municipio de san Juan del Sur. 
650 7 |a RESISTENCIA DE VIVIENDA 
650 7 |b  ESTUDIO DE PRE FACTIBILIDAD 
650 7 |c  ANÁLISIS TÉCNICO-FINANCIERO 
650 7 |d  IMPACTO AMBIENTAL 
700 1 |a Tutor:  |b Martínez Montoya, Arnulfo José 
942 |c BK  |2 ddc 
991 |a TESIS 
999 |c 19256